000 00729nmm a2200169Ia 4500
008 251105s9999||||xx |||||||||||||||||und||
020 _a9788499800011
041 _aspa
100 _aGuillén, Carmen (coord.)
245 0 _aFrancés : complementos de formación disciplinar : La configuration du curriculum du français langue étrangère dans l'Enseignement Secondaire Obligatoire et le Baccalauréat. Aspects théórico-conceptuels
264 _a[Madrid, España] :
_bMinisterio de Educación, Cultura y Deporte de España,
_c2010
300 _a200 páginas
490 _aFormación del profesorado. Educación secundaria
650 _aEducation
856 _uhttps://public.digitaliapublishing.com/a/30253
942 _cCF
999 _c93222
_d93222